Nebraska HS Class C1 Champions - Statistics

General Stats
  • This quiz has been taken 38 times
    26 since last reset
  • The average score is 15 of 37
Answer Stats
Year School % Correct
2018 Wahoo
94%
2013 Wahoo
94%
1998 Wahoo
94%
1996 Wahoo
94%
2017 Bishop Neumann
63%
2016 Bishop Neumann
63%
2014 Bishop Neumann
63%
2003 Bishop Neumann
63%
2002 Bishop Neumann
63%
1991 Bishop Neumann
63%
2020 Auburn
56%
2019 Auburn
56%
2011 Norfolk Catholic
56%
2015 Winnebago
50%
2000 Grand Island Central Catholic
44%
2004 Kearney Catholic
44%
2012 Boys Town
31%
2006 Boys Town
31%
1994 Sandy Creek
31%
1992 Battle Creek
25%
1999 Lincoln Christian
25%
1989 Sutton
25%
2007 Ainsworth
19%
1997 Aquinas Catholic
19%
2010 Hastings St. Cecilia
19%
2009 Hastings St. Cecilia
19%
2008 Hastings St. Cecilia
19%
1993 Hershey
19%
1984 Madison
19%
1987 Archbishop Bergan
13%
1985 Arlington
13%
1990 Bridgeport
13%
2001 Columbus Lakeview
13%
1986 Omaha Cathedral
13%
1995 St. Paul
13%
2005 Syracuse
13%
1988 West Holt
13%
No matching quizzes found
Score Distribution
Percent of People with Each Score
Percentile by Number Answered
Your Score History
You have not taken this quiz since the last reset